000 00912nas a2200289 4500
001 BR2018000717
003 BR-BrBNA
005 20231205131301.0
007 ta
008 230509b bl.|||p| |||| 00| 00por d
040 _aBR-BrBNA
_bpor
_cBiblioteca Nacional de Agricultura
041 _a(Pt)
072 _aM12
100 1 _aDias, D. de C.
100 1 _aTachibana, L.
100 1 _aSeriani, R.
100 1 _aSantos, A.A.
100 1 _aRanzani-Paiva, M.J.T.
100 1 _aRomagosa, E.
245 1 _aTempo de migração dos macrófagos em matrinxã, Brycon amazonicus, por meio da técnica de inoculação de leveduras Saccharomyces cerevisiae
650 _aMATRINXA
650 _aINOCULAÇÃO
650 _aHEMATOLOGIA
773 0 _tActa Amazônica (Brazil)
_xISSN 0044-5967
_g(Sep 2011), v. 41(3) p. 421-424
_wBR2018000717
909 _a202311
_bLúcia
_c55
_dLúcia Elande
942 _2AGRIS
_n0
_cANA
999 _c253978
_d253978